000 00295nam a22001337a 4500
008 170825b xxu||||| |||| 00| 0 eng d
020 _a2900205440206
041 _aeng
080 _a070
100 _a39
101 _aMED
245 _aPUBLIC SPEAKING HANDBOOK
_cBEEBE,N
942 _2udc
_cBK
999 _c25015
_d25015